Sports Quiz

Random Sports or Numbers Quiz
Score 0/9 Timer 10:00
0 Plays Today
Position Player Name % Correct
CatcherJohnny Bench
99.3%
Third BasePete Rose
98.2%
Second BaseJoe Morgan
96.4%
ManagerSparky Anderson
89.7%
First BaseTony Perez
89.3%
ShortstopDave Concepcion
88.6%
Right FieldKen Griffey
86.6%
Left FieldGeorge Foster
84.3%
Center FieldCesar Geronimo
73.4%
Remove Ads.
Support Sporcle.
Get the best of Sporcle when you Go Orange. This ad-free experience offers more features, more stats, and more fun while also helping to support Sporcle. Thank you for becoming a member.

You're not logged in!

Compare scores with friends on all Sporcle quizzes.
OR
Log In

Show Comments

Extras

Top Quizzes Today


Score Distribution

Your Account Isn't Verified!

In order to create a playlist on Sporcle, you need to verify the email address you used during registration. Go to your Sporcle Settings to finish the process.

Report this User

Report this user for behavior that violates our Community Guidelines.

Details: